000 00470cam a2200169ua 4500
003 OSt
008 250328b |||||||| |||| 00| 0 eng d
020 _a81-204-0846-2
041 _aeng
082 _a624.1501
_bSAX/GE
100 _aSaxena, K R .
_97371
245 _aGeotechnical engineering: Emerging trends in design and practice /
260 _aNew Delhi :
_bOxford & IBH Publishing company ,
_c1994.
300 _a404 ; .
500 _a** Reference
942 _cBK
999 _c7766
_d7766